[Event "Lucija op 2nd"]
[Site "Lucija"]
[Date "2010.08.17"]
[Round "1"]
[White "Lovric, Branko"]
[Black "Loncar, Robert"]
[Result "1/2-1/2"]
[WhiteElo "2410"]
[BlackElo "2415"]
[PlyCount "87"]
[EventDate "2010.08.17"]
[EventType "swiss"]
[EventRounds "7"]
[EventCountry "SLO"]
[SourceTitle "CBM 138 Extra"]
[Source "ChessBase"]
[SourceDate "2010.10.29"]
[SourceVersion "1"]
[SourceVersionDate "2010.10.29"]
[SourceQuality "1"]

1. b3 e5 2. Bb2 Nc6 3. e3 Nf6 4. Bb5 Bd6 5. d3 Ne7 6. d4 e4 7. Be2 c6 8. c4 Bb4+ 9. Bc3 Bxc3+ 10. Nxc3 Qa5 11. Qd2 Qg5 12. g3 d5 13. h4 Qg6 14. Nh3 Bxh3 15. Rxh3 Qf5 16. Rh1 h5 17. cxd5 Nexd5 18. Nxd5 Nxd5 19. Rc1 Rh6 20. Bf1 Qf3 21. Rh2 Qf6 22. Bh3 Qe7 23. Bf5 Rf6 24. Bh3 g6 25. Kf1 Kf8 26. Kg1 Kg7 27. Bf1 Qa3 28. Rc4 Qe7 29. Be2 Rd8 30. Qc1 Rf5 31. Kg2 Qf6 32. Kg1 Nb6 33. Rc2 Qe7 34. Kg2 Rd6 35. Rh1 Rdf6 36. Rf1 Nd5 37. a3 Qd7 38. f4 exf3+ 39. Bxf3 Qe7 40. e4 Rxf3 41. Rxf3 Qxe4 42. Rcf2 Rxf3 43. Rxf3 Qxd4 44. Kh2 1/2-1/2

[Event "CRO-chT2 qual"]
[Site "Split"]
[Date "2009.12.29"]
[Round "3"]
[White "Lovric, Branko"]
[Black "Ivic, Mateo"]
[Result "0-1"]
[WhiteElo "2389"]
[BlackElo "2244"]
[PlyCount "90"]
[EventDate "2009.12.28"]
[EventType "team-tourn"]
[EventRounds "3"]
[EventCountry "CRO"]
[SourceTitle "CBM 134 Extra"]
[Source "ChessBase"]
[SourceDate "2010.03.03"]
[SourceVersion "1"]
[SourceVersionDate "2010.03.03"]
[SourceQuality "1"]

1. b3 e5 2. Bb2 Nc6 3. e3 Nf6 4. Bb5 Bd6 5. d3 a6 6. Bxc6 dxc6 7. Nf3 Qe7 8. Nbd2 Bg4 9. h3 Bh5 10. e4 0-0-0 11. g4 Bg6 12. Qe2 Nd7 13. 0-0-0 Nc5 14. Nc4 f6 15. Qe3 Kb8 16. Nh4 Ne6 17. Nxd6 cxd6 18. Ng2 d5 19. exd5 cxd5 20. f4 d4 21. Qg3 Nc7 22. Rhe1 Rhe8 23. fxe5 fxe5 24. Rd2 Qc5 25. Kb1 e4 26. dxe4 Rxe4 27. Rxe4 Bxe4 28. Ne1 Bg6 29. Qf4 Qe7 30. Nd3 Qe3 31. Bc1 Kc8 32. Rd1 Qxh3 33. Ne5 Nd5 34. Qf1 Nc3+ 35. Ka1 Qxf1 36. Rxf1 Bxc2 37. Rf7 d3 38. Nc4 Nd5 39. Rxg7 b5 40. Ne5 Re8 41. Nc6 Re1 42. Kb2 Re2 43. Bg5 Bb1+ 44. Kc1 Rc2+ 45. Kd1 Rxc6 0-1

[Event "CRO-chT2 qual"]
[Site "Split"]
[Date "2009.12.28"]
[Round "2"]
[White "Pandurevic, Miro"]
[Black "Lovric, Branko"]
[Result "0-1"]
[WhiteElo "2229"]
[BlackElo "2389"]
[PlyCount "103"]
[EventDate "2009.12.28"]
[EventType "team-tourn"]
[EventRounds "3"]
[EventCountry "CRO"]
[SourceTitle "CBM 134 Extra"]
[Source "ChessBase"]
[SourceDate "2010.03.03"]
[SourceVersion "1"]
[SourceVersionDate "2010.03.03"]
[SourceQuality "1"]

1. e4 b6 2. Nc3 Bb7 3. d4 e6 4. a3 Nf6 5. f3 d5 6. e5 Ng8 7. f4 Qd7 8. Nf3 h5 9. Bd3 g6 10. Be3 Ba6 11. 0-0 Bxd3 12. Qxd3 Nh6 13. Bf2 Nf5 14. Bh4 Nxh4 15. Nxh4 Be7 16. Nxg6 fxg6 17. Qxg6+ Kd8 18. f5 Kc8 19. Qg7 Rd8 20. f6 Bf8 21. Qg6 c5 22. Qxh5 Nc6 23. Ne2 cxd4 24. Nf4 Kb7 25. b4 a5 26. b5 Na7 27. a4 Bc5 28. Kh1 d3 29. cxd3 Rh8 30. Qg4 Rae8 31. d4 Rhg8 32. Qf3 Bxd4 33. Rad1 Bxe5 34. Nxd5 exd5 35. Rxd5 Qc8 36. f7 Kb8 37. Rxe5 Rxe5 38. fxg8Q Qxg8 39. Qf4 Qg5 40. h4 Qxf4 41. Rxf4 Nxb5 42. g4 Nc3 43. g5 Re4 44. Rf8+ Kb7 45. Rh8 Rg4 46. Rh7+ Kc6 47. Rh6+ Kc5 48. g6 Nd5 49. h5 Nf4 50. Rh7 Rh4+ 51. Kg1 Rxh5 52. Kf2 0-1

[Event "Crikvenica Nov"]
[Site "Crikvenica"]
[Date "2008.11.23"]
[Round "5"]
[White "Mrdja, Milan"]
[Black "Lovric, Branko"]
[Result "1-0"]
[WhiteElo "2401"]
[BlackElo "2364"]
[PlyCount "85"]
[EventDate "2008.11.21"]
[EventType "tourn"]
[EventRounds "10"]
[EventCountry "CRO"]
[EventCategory "2"]
[SourceTitle "EXT 2010"]
[Source "ChessBase"]
[SourceDate "2010.11.25"]
[SourceVersion "1"]
[SourceVersionDate "2010.11.25"]
[SourceQuality "1"]

1. d4 b6 2. c4 Bb7 3. Nc3 Nf6 4. f3 e6 5. e4 d6 6. Bd3 g6 7. Be3 Bg7 8. Nh3 Nbd7 9. Qd2 0-0 10. Nf2 c5 11. d5 e5 12. 0-0 Re8 13. Ng4 Qe7 14. Bg5 h5 15. Nf2 Qf8 16. Rae1 a6 17. a4 Nh7 18. Be3 Rad8 19. Kh1 Bc8 20. Rb1 Ndf6 21. b4 h4 22. bxc5 bxc5 23. Rb6 Nh5 24. Ne2 f5 25. exf5 gxf5 26. Qc2 e4 27. fxe4 fxe4 28. Bxe4 N7f6 29. Rbb1 h3 30. g4 Nxe4 31. Nxe4 Qe7 32. Ng5 Nf6 33. Qg6 Bxg4 34. Ng3 Rf8 35. Bd2 Qe8 36. Nf5 Qxg6 37. Ne7+ Kh8 38. Nxg6+ Kg8 39. Nxf8 Rxf8 40. Ne6 Bxe6 41. dxe6 Ne4 42. Rxf8+ Kxf8 43. Be1 1-0

[Event "Crikvenica Nov"]
[Site "Crikvenica"]
[Date "2008.11.22"]
[Round "4"]
[White "Lovric, Branko"]
[Black "Buli, Vangjel"]
[Result "1/2-1/2"]
[WhiteElo "2364"]
[BlackElo "2359"]
[PlyCount "28"]
[EventDate "2008.11.21"]
[EventType "tourn"]
[EventRounds "10"]
[EventCountry "CRO"]
[EventCategory "2"]
[SourceTitle "EXT 2010"]
[Source "ChessBase"]
[SourceDate "2010.11.25"]
[SourceVersion "1"]
[SourceVersionDate "2010.11.25"]
[SourceQuality "1"]

1. e4 c6 2. d4 d5 3. Nc3 dxe4 4. Nxe4 Nd7 5. Nf3 Ngf6 6. Nxf6+ Nxf6 7. Ne5 Nd7 8. Nxd7 Bxd7 9. Bd3 Bf5 10. c3 Bxd3 11. Qxd3 e6 12. 0-0 Bd6 13. Be3 Qc7 14. h3 0-0 1/2-1/2

[Event "Senj op"]
[Site "Senj"]
[Date "2008.04.22"]
[Round "9"]
[White "Bodiroga, Predrag"]
[Black "Lovric, Branko"]
[Result "1-0"]
[WhiteElo "2405"]
[BlackElo "2350"]
[PlyCount "63"]
[EventDate "2008.04.16"]
[EventType "swiss"]
[EventRounds "9"]
[EventCountry "CRO"]
[SourceTitle "CBM 123 Extra"]
[Source "ChessBase"]
[SourceDate "2008.05.06"]
[SourceVersion "1"]
[SourceVersionDate "2008.05.06"]
[SourceQuality "1"]

1. d4 Nf6 2. Nf3 d6 3. c4 Bg4 4. Nc3 Nbd7 5. e4 e5 6. Be2 Bxf3 7. Bxf3 c6 8. 0-0 Be7 9. Be3 0-0 10. Qc2 Qc7 11. Be2 Rfe8 12. f4 Nf8 13. c5 exd4 14. Bxd4 dxc5 15. Be5 Qa5 16. Bxf6 Bxf6 17. e5 Be7 18. f5 Bg5 19. e6 fxe6 20. Ne4 Be3+ 21. Kh1 Kh8 22. Nd6 Re7 23. Nc4 Qc7 24. Nxe3 exf5 25. Nxf5 Re5 26. Ng3 Ne6 27. Bc4 Nd4 28. Qf2 h6 29. Rae1 Rae8 30. Rxe5 Qxe5 31. Qf7 b5 32. Bd3 1-0

[Event "Crikvenica"]
[Site "Crikvenica"]
[Date "2007.10.19"]
[Round "9"]
[White "Mrdja, Milan"]
[Black "Lovric, Branko"]
[Result "1/2-1/2"]
[WhiteElo "2408"]
[BlackElo "2322"]
[PlyCount "34"]
[EventDate "2007.10.15"]
[EventType "tourn"]
[EventRounds "9"]
[EventCountry "CRO"]
[EventCategory "1"]
[SourceTitle "EXT 2008"]
[Source "ChessBase"]
[SourceDate "2007.11.25"]
[SourceVersion "1"]
[SourceVersionDate "2007.11.25"]
[SourceQuality "1"]

1. e4 e6 2. d4 d5 3. Nc3 Bb4 4. e5 Qd7 5. Bd2 b6 6. Qg4 Bf8 7. Bb5 c6 8. Ba4 a5 9. Bb3 Ba6 10. Nge2 Ne7 11. a3 Bc4 12. Bxc4 dxc4 13. Ne4 Nd5 14. 0-0 a4 15. f4 g6 16. Qh3 Na6 17. g4 0-0-0 1/2-1/2

[Event "Crikvenica"]
[Site "Crikvenica"]
[Date "2007.10.18"]
[Round "6"]
[White "Lovric, Branko"]
[Black "Muslija, Idris"]
[Result "1-0"]
[WhiteElo "2322"]
[BlackElo "2251"]
[PlyCount "79"]
[EventDate "2007.10.15"]
[EventType "tourn"]
[EventRounds "9"]
[EventCountry "CRO"]
[EventCategory "1"]
[SourceTitle "EXT 2008"]
[Source "ChessBase"]
[SourceDate "2007.11.25"]
[SourceVersion "1"]
[SourceVersionDate "2007.11.25"]
[SourceQuality "1"]

1. b3 e5 2. Bb2 Nc6 3. e3 a6 4. c4 Nf6 5. Nf3 d6 6. d4 exd4 7. Nxd4 Bd7 8. Nc3 Be7 9. Be2 0-0 10. Nd5 Nxd5 11. cxd5 Nxd4 12. Bxd4 c5 13. dxc6 Bxc6 14. 0-0 Bf6 15. Rc1 Be5 16. Bf3 Bxf3 17. Qxf3 Bxd4 18. exd4 Qd7 19. Rc4 Rac8 20. Rfc1 d5 21. Rc5 b6 22. R5c3 h6 23. h3 Rxc3 24. Qxc3 Re8 25. Qc6 Re1+ 26. Kh2 Qxc6 27. Rxc6 Re2 28. a4 Rxf2 29. Rxb6 Rd2 30. Rxa6 Rxd4 31. Ra8+ Kh7 32. Rb8 Rd1 33. a5 d4 34. b4 d3 35. a6 Ra1 36. b5 d2 37. Rd8 d1Q 38. Rxd1 Rxd1 39. a7 Ra1 40. b6 1-0

[Event "Crikvenica"]
[Site "Crikvenica"]
[Date "2007.10.16"]
[Round "3"]
[White "Buli, Vangjel"]
[Black "Lovric, Branko"]
[Result "1/2-1/2"]
[WhiteElo "2276"]
[BlackElo "2322"]
[PlyCount "28"]
[EventDate "2007.10.15"]
[EventType "tourn"]
[EventRounds "9"]
[EventCountry "CRO"]
[EventCategory "1"]
[SourceTitle "EXT 2008"]
[Source "ChessBase"]
[SourceDate "2007.11.25"]
[SourceVersion "1"]
[SourceVersionDate "2007.11.25"]
[SourceQuality "1"]

1. d4 d5 2. c4 dxc4 3. e3 Nf6 4. Bxc4 e6 5. Nf3 Bb4+ 6. Bd2 Bxd2+ 7. Nbxd2 b6 8. 0-0 Bb7 9. Qe2 Nbd7 10. Rfd1 0-0 11. Rac1 Qe7 12. a3 c5 13. Nb3 cxd4 14. Nbxd4 Rfc8 1/2-1/2

[Event "Porec op"]
[Site "Porec"]
[Date "2006.12.09"]
[Round "5"]
[White "Lovric, Branko"]
[Black "Ikica, Ante"]
[Result "1-0"]
[WhiteElo "2301"]
[BlackElo "2089"]
[PlyCount "79"]
[EventDate "2006.12.07"]
[EventType "swiss"]
[EventRounds "7"]
[EventCountry "CRO"]
[SourceTitle "CBM 115 Extra"]
[Source "ChessBase"]
[SourceDate "2007.01.10"]
[SourceVersion "1"]
[SourceVersionDate "2007.01.10"]
[SourceQuality "1"]

1. b3 c5 2. Bb2 e6 3. e3 Nf6 4. g4 d5 5. g5 Ne4 6. d3 Qa5+ 7. c3 Nd6 8. Nd2 Nc6 9. Ngf3 e5 10. e4 d4 11. c4 Be7 12. Rg1 Be6 13. a3 Nc8 14. Rg3 a6 15. Bh3 Bxh3 16. Rxh3 Qc7 17. Rg3 Nd8 18. h4 Ne6 19. Ng1 Nb6 20. Nh3 Nd7 21. Bc1 0-0-0 22. Nf3 Bd6 23. Bd2 Rdf8 24. Qe2 f5 25. Kf1 Nf4 26. Nxf4 exf4 27. Rg1 Re8 28. e5 Nxe5 29. Nxe5 Rxe5 30. Qf3 Re7 31. Kg2 Rhe8 32. Rge1 Rxe1 33. Rxe1 Rxe1 34. Bxe1 Kd7 35. Qh5 Qc6+ 36. f3 Be7 37. Qxh7 Qe6 38. Bf2 g6 39. h5 gxh5 40. g6 1-0

[Event "Porec op"]
[Site "Porec"]
[Date "2006.12.08"]
[Round "3"]
[White "Lovric, Branko"]
[Black "Zaja, Ivan"]
[Result "1/2-1/2"]
[WhiteElo "2301"]
[BlackElo "2445"]
[PlyCount "49"]
[EventDate "2006.12.07"]
[EventType "swiss"]
[EventRounds "7"]
[EventCountry "CRO"]
[SourceTitle "CBM 115 Extra"]
[Source "ChessBase"]
[SourceDate "2007.01.10"]
[SourceVersion "1"]
[SourceVersionDate "2007.01.10"]
[SourceQuality "1"]

1. b3 e5 2. Bb2 Nc6 3. e3 a6 4. Nf3 d6 5. d4 exd4 6. Nxd4 Nxd4 7. Qxd4 Nf6 8. c4 Be7 9. Nc3 Be6 10. Rd1 c5 11. Qd2 0-0 12. Be2 Rb8 13. 0-0 Qd7 14. Bf3 b5 15. cxb5 axb5 16. Nd5 Nxd5 17. Bxd5 Bxd5 18. Qxd5 Qe6 19. Rd2 Qxd5 20. Rxd5 Ra8 21. a3 f6 22. Rfd1 Kf7 23. Kf1 Ra6 24. Ke2 Rc8 25. Kd2 1/2-1/2

[Event "CRO-chT2 West"]
[Site "Rijeka"]
[Date "2005.03.20"]
[Round "2"]
[White "Franic, Milan"]
[Black "Lovric, Branko"]
[Result "1-0"]
[WhiteElo "2400"]
[BlackElo "2295"]
[PlyCount "97"]
[EventDate "2005.03.19"]
[EventType "team-tourn"]
[EventRounds "11"]
[EventCountry "CRO"]
[SourceTitle "EXT 2007"]
[Source "ChessBase"]
[SourceDate "2006.11.23"]
[SourceVersion "1"]
[SourceVersionDate "2006.11.23"]
[SourceQuality "1"]

1. d4 b6 2. e4 Bb7 3. Bd3 d5 4. e5 Qd7 5. Nf3 c5 6. 0-0 c4 7. Be2 e6 8. b3 Nc6 9. bxc4 dxc4 10. Bxc4 Na5 11. Bd3 Rc8 12. c3 Bd5 13. Qe2 Ne7 14. Nfd2 Bc6 15. Nb3 Qd5 16. f3 Ba4 17. Nxa5 Qxa5 18. Bd2 Qd5 19. Na3 Nc6 20. Nc4 Qd7 21. Nb2 b5 22. Rab1 Be7 23. Nxa4 bxa4 24. Qe4 h5 25. Be3 g6 26. Bb5 0-0 27. Bxa4 Rfd8 28. Rfc1 Qd5 29. Qxd5 Rxd5 30. Rb7 Ba3 31. Rc2 Ra5 32. Bb3 Ra6 33. Kf2 Na5 34. Rb5 Nc4 35. Bg5 Bf8 36. Bxc4 Rxc4 37. Rb8 Rac6 38. Be7 Rc8 39. Rxc8 Rxc8 40. Bxf8 Kxf8 41. c4 Ke7 42. Ke3 Kd7 43. Kd3 Rc6 44. d5 Ra6 45. Rb2 Kc7 46. Kd4 Ra4 47. Kc5 Ra5+ 48. Kb4 Ra6 49. a4 1-0

[Event "CRO Cup"]
[Site "Rabac"]
[Date "2003.05.29"]
[Round "4"]
[White "Kovacevic, Vlatko"]
[Black "Lovric, Branko"]
[Result "1-0"]
[WhiteElo "2498"]
[BlackElo "2319"]
[PlyCount "123"]
[EventDate "2003.05.26"]
[EventType "team-tourn"]
[EventRounds "5"]
[EventCountry "CRO"]
[SourceTitle "CBM 094 Extra"]
[Source "ChessBase"]
[SourceDate "2003.07.09"]
[SourceVersion "2"]
[SourceVersionDate "2003.07.09"]
[SourceQuality "1"]

1. d4 d6 2. Nf3 g6 3. c4 Bg7 4. Nc3 Bg4 5. Bg5 c6 6. e3 Qa5 7. Bh4 c5 8. Be2 Nc6 9. 0-0 Nh6 10. d5 Bxf3 11. gxf3 Nf5 12. Bg3 Ne5 13. a3 0-0 14. Qb1 Nd7 15. Rc1 Nh6 16. Ne4 Nf6 17. Ng5 Qd8 18. f4 Nf5 19. Rd1 Qd7 20. Qc2 a6 21. a4 a5 22. Rd2 h6 23. Nf3 Nh5 24. Kg2 Bf6 25. e4 Nhxg3 26. hxg3 Nd4 27. Nxd4 Bxd4 28. Rh1 Kg7 29. Qd1 e5 30. f5 gxf5 31. Rh5 fxe4 32. Bg4 Qe7 33. Bf5 Rh8 34. Qg4+ Kf8 35. Bxe4 Rg8 36. Qh3 Ke8 37. b3 Kd8 38. Rd3 Kc7 39. Rf3 Raf8 40. Rxh6 f5 41. Rxf5 Rxf5 42. Qxf5 Rf8 43. Rh7 Rxf5 44. Rxe7+ Kd8 45. Rxb7 Rxf2+ 46. Kh3 Re2 47. Bf5 Rf2 48. Kg4 Ke8 49. Kg5 e4 50. Bxe4 Bf6+ 51. Kg6 Be5 52. g4 Rf6+ 53. Kg5 Kf8 54. Bg6 Kg8 55. Ra7 Rf3 56. Bf5 Rxb3 57. Kg6 Rb8 58. Rxa5 Kh8 59. Ra7 Rg8+ 60. Kh5 Rg7 61. Ra8+ Rg8 62. Rxg8+ 1-0

[Event "Opatija Riviera"]
[Site "Opatija"]
[Date "2003.03.20"]
[Round "7"]
[White "Topalovic, Zlatko"]
[Black "Lovric, Branko"]
[Result "1-0"]
[WhiteElo "2311"]
[BlackElo "2369"]
[PlyCount "65"]
[EventDate "2003.03.14"]
[EventType "tourn"]
[EventRounds "10"]
[EventCountry "CRO"]
[EventCategory "7"]
[SourceTitle "CBM 093 Extra"]
[Source "ChessBase"]
[SourceDate "2003.05.09"]
[SourceVersion "1"]
[SourceVersionDate "2003.05.09"]
[SourceQuality "1"]

1. e4 d6 2. d4 g6 3. Nc3 Bg7 4. Be3 c6 5. Qd2 d5 6. e5 Qb6 7. 0-0-0 Na6 8. h3 h5 9. Na4 Qb4 10. Qxb4 Nxb4 11. Bd2 Na6 12. Bxa6 bxa6 13. Nc5 Nh6 14. Nf3 0-0 15. Kb1 Rb8 16. Rdg1 Bf5 17. Nh4 Bc8 18. g4 hxg4 19. hxg4 Nxg4 20. f3 Nxe5 21. dxe5 Bxe5 22. Nd3 Bg7 23. Bf4 Rb5 24. Be5 f6 25. Rxg6 Kf7 26. Rhg1 Bh8 27. Bd4 e5 28. Rh6 exd4 29. Rh7+ Ke8 30. Ng6 Bf5 31. Re1+ Kd8 32. Rxa7 Bxg6 33. Ra8+ 1-0

[Event "Opatija Riviera"]
[Site "Opatija"]
[Date "2003.03.19"]
[Round "6"]
[White "Lovric, Branko"]
[Black "Naumkin, Igor"]
[Result "0-1"]
[WhiteElo "2369"]
[BlackElo "2412"]
[PlyCount "73"]
[EventDate "2003.03.14"]
[EventType "tourn"]
[EventRounds "10"]
[EventCountry "CRO"]
[EventCategory "7"]
[SourceTitle "CBM 093 Extra"]
[Source "ChessBase"]
[SourceDate "2003.05.09"]
[SourceVersion "1"]
[SourceVersionDate "2003.05.09"]
[SourceQuality "1"]

1. e4 e5 2. c4 Bc5 3. Nc3 d6 4. d3 f5 5. exf5 Bxf5 6. Qf3 Ne7 7. g4 Bg6 8. Be3 Nbc6 9. h4 Nd4 10. Qd1 h5 11. g5 d5 12. Bg2 dxc4 13. Be4 cxd3 14. Qxd3 Bxe4 15. Qxe4 Qd7 16. 0-0-0 Qf5 17. Nf3 Ne2+ 18. Kc2 Nxc3 19. Qxf5 Nxf5 20. Kxc3 Bd6 21. Nd2 0-0-0 22. Ne4 Be7 23. Kc2 Nd6 24. Kd3 Rhf8 25. Nxd6+ Rxd6+ 26. Ke4 Ra6 27. a3 Bd6 28. Rd5 Ra4+ 29. Kd3 Kd7 30. Rb5 b6 31. Ke2 Rc4 32. Kd2 Re4 33. Rb3 c5 34. Ke2 Kc6 35. Rd3 c4 36. Rd2 Bc5 37. Rhd1 0-1

[Event "Opatija Riviera"]
[Site "Opatija"]
[Date "2003.03.15"]
[Round "2"]
[White "Lovric, Branko"]
[Black "Topalovic, Zlatko"]
[Result "1/2-1/2"]
[WhiteElo "2369"]
[BlackElo "2311"]
[PlyCount "37"]
[EventDate "2003.03.14"]
[EventType "tourn"]
[EventRounds "10"]
[EventCountry "CRO"]
[EventCategory "7"]
[SourceTitle "CBM 093 Extra"]
[Source "ChessBase"]
[SourceDate "2003.05.09"]
[SourceVersion "1"]
[SourceVersionDate "2003.05.09"]
[SourceQuality "1"]

1. e4 e6 2. d4 d5 3. exd5 exd5 4. Nf3 c6 5. Bd3 Bd6 6. 0-0 Ne7 7. Bg5 0-0 8. Nbd2 f6 9. Bh4 Bf5 10. Bxf5 Nxf5 11. Bg3 Nxg3 12. hxg3 Nd7 13. Re1 Re8 14. c3 Rxe1+ 15. Nxe1 Qb6 16. Nd3 Re8 17. Nf3 Bb8 18. Qc2 Qa5 19. a3 1/2-1/2

[Event "Hotel Opatija GM 02"]
[Site "Rijeka"]
[Date "2003.02.10"]
[Round "6"]
[White "Dizdarevic, Emir"]
[Black "Lovric, Branko"]
[Result "1/2-1/2"]
[WhiteElo "2502"]
[BlackElo "2369"]
[PlyCount "29"]
[EventDate "2003.02.07"]
[EventType "tourn"]
[EventRounds "14"]
[EventCountry "CRO"]
[EventCategory "8"]
[SourceTitle "CBM 092 Extra"]
[Source "ChessBase"]
[SourceDate "2003.03.07"]
[SourceVersion "1"]
[SourceVersionDate "2003.03.07"]
[SourceQuality "1"]

1. Nf3 d5 2. e3 Nf6 3. c4 c6 4. Nc3 a6 5. b3 Bg4 6. h3 Bh5 7. Bb2 e6 8. Be2 Nbd7 9. 0-0 Bc5 10. Rc1 Qe7 11. d4 Bd6 12. Nd2 Bg6 13. c5 Bc7 14. f4 Ba5 15. a3 1/2-1/2

[Event "Hotel Opatija GM 02"]
[Site "Rijeka"]
[Date "2003.02.10"]
[Round "5"]
[White "Vukic, Milan"]
[Black "Lovric, Branko"]
[Result "1-0"]
[WhiteElo "2514"]
[BlackElo "2369"]
[PlyCount "37"]
[EventDate "2003.02.07"]
[EventType "tourn"]
[EventRounds "14"]
[EventCountry "CRO"]
[EventCategory "8"]
[SourceTitle "CBM 092 Extra"]
[Source "ChessBase"]
[SourceDate "2003.03.07"]
[SourceVersion "1"]
[SourceVersionDate "2003.03.07"]
[SourceQuality "1"]

1. Nf3 b6 2. g3 Bb7 3. Bg2 e6 4. 0-0 Nf6 5. c4 Be7 6. b3 0-0 7. Bb2 d5 8. cxd5 Nxd5 9. d4 a5 10. a3 Nf6 11. Nc3 Ne4 12. Qc2 Nxc3 13. Bxc3 a4 14. b4 Bd5 15. e4 Bc4 16. Rfe1 Bb5 17. Rad1 Nd7 18. d5 Bc4 19. dxe6 1-0

[Event "Rijeka op"]
[Site "Rijeka"]
[Date "2001.12.04"]
[Round "4"]
[White "Lovric, Branko"]
[Black "Ramesa, Davor"]
[Result "0-1"]
[WhiteElo "2372"]
[BlackElo "2119"]
[PlyCount "96"]
[EventDate "2001.12.01"]
[EventType "swiss"]
[EventRounds "9"]
[EventCountry "CRO"]
[SourceTitle "CBM 085 Extra"]
[Source "ChessBase"]
[SourceDate "2002.01.21"]
[SourceVersion "1"]
[SourceVersionDate "2002.01.21"]
[SourceQuality "1"]

1. b3 d5 2. e3 Nf6 3. Bb2 c5 4. Bb5+ Bd7 5. a4 Nc6 6. Nf3 e6 7. 0-0 Bd6 8. d3 0-0 9. Nbd2 a6 10. Bxc6 Bxc6 11. a5 Qc7 12. Qe2 Nd7 13. e4 f6 14. Rfe1 Bf4 15. Nf1 e5 16. Ne3 Bxe3 17. Qxe3 d4 18. Qe2 f5 19. Ng5 Rae8 20. f3 h6 21. Nh3 Nf6 22. Bc1 Bd7 23. Nf2 f4 24. Bd2 h5 25. Nd1 Be6 26. Nb2 g5 27. Qf2 Re7 28. Kf1 g4 29. Ke2 Rg7 30. Rf1 g3 31. Qg1 gxh2 32. Qxh2 Rg5 33. Be1 Qg7 34. Bf2 Kf7 35. Na4 Rxg2 36. Qh4 Qg3 37. Qh1 h4 38. Qxg2 Qxg2 39. Rg1 Rg8 40. Rxg2 Rxg2 41. Nxc5 Nh5 42. Rg1 Ng3+ 43. Ke1 h3 44. Rxg2 hxg2 45. Nxb7 Ke7 46. Nc5 Bc8 47. Bg1 Kd6 48. Na4 Nf1 0-1